000 00512nam a2200169Ia 4500
008 210719s1937 xx 000 0 und d
041 _aeng
082 _a444/563
100 _aMILTON (H);FOX (G O)
245 _aClarendon French course: based on word frequency Part IV
260 _aLondon
_bOxford University Press
_c1937
300 _a141
_bHB
365 _cRs
650 _aFrench
650 _aFrench
906 _abased ; Clarendon ; course ; course: ; French ; frequency ; III ; IV ; on ; Part ; word
999 _c211671
_d211671